Bariéry versus preferované formy rodičovství u neheterosexuální populace
Analýza bariér rodičovstva u neheterosexuálnej populácie a ich preferencia ciest k rodičovstvu. Pojem sociálne rodičovstvo, prekážky a podpora sociálneho okolia. Reprezentatívny výskum z roku 2019 na tému rodičovských túžieb a intencie osôb s touto identitou.
Guardado en:
| Autor principal: | |
|---|---|
| Otros Autores: | |
| Formato: | Capítulo de libro |
| Lenguaje: | checo |
| Materias: | |
| Etiquetas: |
Sin Etiquetas, Sea el primero en etiquetar este registro!
|
MARC
| LEADER | 00000naa a2200000 4500 | ||
|---|---|---|---|
| 001 | 0260881 | ||
| 005 | 20221104111521.8 | ||
| 041 | 0 | |a cze | |
| 044 | |a CZ | ||
| 245 | 1 | 0 | |a Bariéry versus preferované formy rodičovství u neheterosexuální populace |c Hana Maříková, Marta Vohlídalová |
| 520 | |a Analýza bariér rodičovstva u neheterosexuálnej populácie a ich preferencia ciest k rodičovstvu. Pojem sociálne rodičovstvo, prekážky a podpora sociálneho okolia. Reprezentatívny výskum z roku 2019 na tému rodičovských túžieb a intencie osôb s touto identitou. | ||
| 610 | 2 | 0 | |a politika sociálna |
| 610 | 2 | 0 | |a politika rodinná |
| 610 | 2 | 0 | |a rodina |
| 610 | 2 | 0 | |a spoločnosť |
| 610 | 2 | 0 | |a právo rodinné |
| 610 | 2 | 0 | |a populácia |
| 610 | 2 | 0 | |a výskum aplikovaný |
| 100 | 1 | |a Maříková, Hana | |
| 700 | 1 | |a Vohlídalová, Marta | |